| 000 | 00981nam a22002897a 4500 | ||
|---|---|---|---|
| 003 | CHAP | ||
| 005 | 20220329140652.0 | ||
| 008 | 971013s1892 r 00010 d | ||
| 010 | _a55711 | ||
| 011 | _a56683 | ||
| 035 | _a60836 | ||
| 040 | _cCHAP | ||
| 082 |
_a346.9726 _bY7 |
||
| 100 |
_aYucatán. Leyes, decretos, etc. _9175438 |
||
| 245 | _aCódigo del registro civil del estado de Yucatán. Contiene la legislación completa del ramo | ||
| 260 |
_aMérida : _bImprenta Gamboa Guzmán, _c1892 |
||
| 300 | _a89 p. | ||
| 500 | _aEncuadernado con: Yucatán. Leyes, decretos, etc. Leyes y disposiciones relativas... | ||
| 590 |
_aBATCH-UPD _b10 _c20130110 _lUCH01 _h0106 |
||
| 590 |
_aBATCH-UPD _b10 _c20130409 _lUCH01 _h2057 |
||
| 590 |
_aBATCH-UPD _b10 _c20130914 _lUCH01 _h2000 |
||
| 590 |
_aCONVERSION _b10 _c20130109 _lUCH01 _h1330 |
||
| 650 | 1 | 4 |
_aRegistro civil _xYucatán. _995698 |
| 901 | _aBK | ||
| 942 | _cLIBRO | ||
| 949 |
_a346.9726 Y7 _bBC _cBPP _d-130913 _eBPP _i60836 _si |
||
| 999 |
_c55711 _d55711 |
||